| 000 | 00457nam a2200181Ia 4500 | ||
|---|---|---|---|
| 005 | 20250603144939.0 | ||
| 008 | 250603s9999 xx 000 0 und d | ||
| 020 | _a9789784877657 | ||
| 050 | _aHJ 3091 .O33/ | ||
| 100 | _aOkauru, I.O. | ||
| 245 | 0 | _aFederal inland revenue service and taxation reforms in democratic Nigeria | |
| 260 | _aIbadan | ||
| 260 | _bSafari Books Ltd | ||
| 260 | _c2012 | ||
| 300 | _a580 p | ||
| 650 | _aIbadan | ||
| 942 | _cBK | ||
| 999 |
_c40421 _d40421 |
||